000 00341nam a22001337a 4500
082 _a621.389324 WES'T
100 _aWESTCOTT, CHARLES.G,DUBBE, RICHARD.F
_957440
245 _aTAPE RECOPRDERS HOW THEY WORK
250 _a2ND
260 _aNEWYORK
_bHOWARD W. SAMS
_c1965
300 _a224P
650 _aTAPE RECOPRDERS
_957441
942 _cBK
999 _c567722
_d567722